000 00628nam a2200277Ia 4500
005 20260324133435.0
008 008 260324s9999 xx 000 0 eng d
020 _a9780203459478
037 _aEBOOK
040 _aCRL
040 _beng
040 _cCRL
041 _2eng
041 _aeng
084 _qCRL
100 _aJulie Kay; Dorian Yeo
_91193109
245 0 _aDyslexia and Maths
260 _bTaylor and Francis
260 _c2003
365 _a
365 _b205
856 _uhttp://www.taylorfrancis.com/books/9780203459478
942 _cEBOOK
999 _c1792125
_d1792125